000 00368 a2200169 4500
001 46848
020 _a9788526020757
040 _cAnchieta - Aquarius
100 _aLessa, OrĂ­genes
240 1 0 _a=Procura-se um rei
_lpor
245 1 0 _a=Procura-se um rei
300 _a110
362 0 _a2015
440 1 _aGlobal
650 4 _aLiteratura brasileira
942 _cBK
999 _c46848
_d46848